Italian Regions By Coat of Arms - Statistics

General Stats
  • This quiz has been taken 58 times
  • The average score is 13 of 20
Answer Stats
Picture Answer % Correct
Sicilia
93%
Sardegna
91%
Veneto
81%
Lombardia
79%
Piemonte
79%
Liguria
74%
Trentino Alto Adige
72%
Calabria
70%
Lazio
70%
Emilia Romagna
65%
Campania
63%
Friuli Venezia Giulia
63%
Marche
63%
Toscana
63%
Basilicata
60%
Puglia
56%
Umbria
56%
Abruzzo
47%
Molise
47%
Valle d'Aosta
44%
No matching quizzes found
Score Distribution
Percent of People with Each Score
Percentile by Number Answered
Your Score History
You have not taken this quiz